000
00340nam a2200157Ia 4500
008
210210b1961 xxu||||| |||| 00| 0 eng d
041
_a
eng
082
_a
331/53
100
_a
DeCOCK (M H)
245
_a
Central banking
260
_a
London
_b
-
_c
1961
650
_a
Central
650
_a
banking
690
_a
Banking
906
_a
003955
999
_c
121972
_d
121972